Statistics for Governors of Alabama

Click here to take the quiz!

General Stats

  • This quiz has been taken 6 times
  • The average score is 5 of 59

Answer Stats

HintAnswer% Correct
1963-1967George Wallace
100%
1971-1979George Wallace
100%
1983-1987George Wallace
100%
1967-1968Lurleen Wallace
83%
2017-Kay Ivey
67%
2011-2017Robert Julian Bentley
33%
2003-2011Bob Riley
17%
1868-1870William Hugh Smith
17%
1968-1971Albert Brewer
0%
1857-1861Andrew Barry Moore
0%
1837-1841Arthur Pendleton Bagby
0%
1841-1845Benjamin Fitzpatrick
0%
1931-1935Benjamin Meek Miller
0%
1927-1931Bibb Graves
0%
1935-1939Bibb Graves
0%
1907-1911Braxton Bragg Corner
0%
1915-1919Charles Henderson
0%
1943-1947Chauncey Sparks
0%
1835-1837Clement Comer Clay
0%
1872-1874David Lewis
0%
1999-2003Don Siegelman
0%
1882-1886Edward Asbury O'Neal
0%
1911-1915Emmet O'Neal
0%
1995-1999Fob James
0%
1979-1983Fob James
0%
1939-1943Frank Murray Dixon
0%
1829-1831Gabriel Moore
0%
1874-1878George Smith Houston
0%
1951-1955Gordon Persons
0%
1987-1993Harold Guy Hunt
0%
1849-1853Henry Watkins Collier
0%
1837Hugh McVay
0%
1821-1825Israel Pickens
0%
1955-1959Jim Folsom
0%
1947-1951Jim Folsom
0%
1993-1995Jim Folsom Jr.
0%
1853-1857John Anthony Winston
0%
1831-1835John Gayle
0%
1861-1863John Gill Shorter
0%
1959-1963John Malcolm Patterson
0%
1825-1829John Murphy
0%
1896-1900Joseph Forney Johnston
0%
1845-1847Joshua Lanier Martin
0%
1865Lewis Eliphalet Parsons
0%
1847-1849Reuben Chapman
0%
1870-1872Robert Burns Lindsay
0%
1865-1868Robert Miller Patton
0%
1878-1882Rufus Willis Cobb
0%
1831Samuel Moore
0%
1820-1821Thomas Bibb
0%
1890-1894Thomas Goode Jones
0%
1863-1865Thomas Hill Watts
0%
1919-1923Thomas Kilby
0%
1886-1890Thomas Seay
0%
1894-1896William Calvin Oates
0%
1901-1907William Dorsey Jelks
0%
1900-1901William James Sanford
0%
1923-1927William Woodward Brandon
0%
1819-1820William Wyatt Bibb
0%

Score Distribution

Percentile by Number Answered

Percent of People with Each Score

Your Score History

You have not taken this quiz